00461nam a2200145Ia 4500008004100000041000800041082001600049100001800065245002300083260002800106300003000134365001100164999001700175952012300192240624s9999 xx 000 0 und d aeng a658.401 BED aBEDI KANISHKA aQUALITY MANAGEMENT c2014aNew DelhibOxford axi, : 712 : p. : cm. ; 26 cRSb31 c25013d25013 02104070aIMTNbIMTNcRack 28-Ad2015-10-07eWBDg575.00o658.401 BEDp25013r2024-06-24 00:00:00t1w2024-06-24yBK